Diumenge / Michel Deutsch ; traducció de Jaume Melendres ; pròleg de Jordi Mesalles i Bisbe
Descripción Física:
69 p. ; 18 cm
Colección:
Biblioteca teatral ; 60
MARC
| LEADER | 00000nam a2200000Ia 4500 | ||
|---|---|---|---|
| 001 | 8290 | ||
| 008 | 160829s1988 xx 000 0 cat d | ||
| 080 | |a L-1-245 | ||
| 100 | |a Deutsch, Michel |9 28848 | ||
| 245 | |a Diumenge / Michel Deutsch ; traducció de Jaume Melendres ; pròleg de Jordi Mesalles i Bisbe | ||
| 260 | |a Barcelona : |b Institut del Teatre de la Diputació de Barcelona, |c 1988 | ||
| 300 | |a 69 p. ; |c 18 cm | ||
| 490 | |a Biblioteca teatral ; 60 | ||
| 700 | |a Melendres, Jaume, |d 1941-2009 |e traductor |9 25255 | ||
| 700 | |a Mesalles, Jordi, pr. |9 28849 |e autor del pròleg | ||
| 710 | 1 | |a Institut del Teatre (Barcelona, Catalunya) |9 52662 | |
| 901 | |a Arxiu | ||
| 942 | |n 1 |2 udc | ||
| 952 | |0 0 |1 0 |4 0 |6 L1245 |7 1 |9 44959 |a Arxiu |b Arxiu |d 2016-12-01 |l 0 |o L-1-245 |p 8290 |r 2016-12-01 00:00:00 |w 2016-12-01 |y ARXIU | ||
| 999 | |c 47558 |d 47558 | ||